Проблемы современного регионоведения как образовательного пространства; Актуальные проблемы гуманитарных наук

Podrobná bibliografie
Parent link:Актуальные проблемы гуманитарных наук.— 2013.— [С. 353-355]
Hlavní autor: Штанько М. А. Марина Александровна
Korporativní autor: Национальный исследовательский Томский политехнический университет (ТПУ) Институт социально-гуманитарных технологий (ИСГТ) Кафедра истории и регионоведения (ИСТ)
Shrnutí:Заглавие с экрана
Jazyk:ruština
Vydáno: 2013
Edice:Регионоведение
Témata:
On-line přístup:http://www.lib.tpu.ru/fulltext/c/2013/C20/175.pdf
Médium: Elektronický zdroj Kapitola
KOHA link:https://koha.lib.tpu.ru/cgi-bin/koha/opac-detail.pl?biblionumber=240847

MARC

LEADER 00000naa2a2200000 4500
001 240847
005 20251209140425.0
035 |a (RuTPU)RU\TPU\book\262107 
035 |a RU\TPU\book\262101 
090 |a 240847 
100 |a 20130626d2013 k y0rusy50 ca 
101 0 |a rus 
102 |a RU 
135 |a drcn ---uucaa 
181 0 |a i  
182 0 |a b 
200 1 |a Проблемы современного регионоведения как образовательного пространства  |f М. А. Штанько 
203 |a Текст  |c электронный 
215 |a 1 файл(301 Кб) 
225 1 |a Регионоведение 
300 |a Заглавие с экрана 
320 |a [Библиогр.: с. 355 (8 назв.)] 
337 |a Adobe Reader 
463 1 |0 (RuTPU)RU\TPU\book\259431  |t Актуальные проблемы гуманитарных наук  |o сборник научных трудов ХII Международной научно-практической конференции студентов, аспирантов и молодых ученых 3-6 апреля 2013 г., г. Томск  |f Национальный исследовательский Томский политехнический университет (ТПУ)  |v [С. 353-355]  |d 2013 
610 1 |a электронный ресурс 
610 1 |a труды учёных ТПУ 
610 1 |a проблемы 
610 1 |a современность 
610 1 |a регионоведение 
610 1 |a образовательный процесс 
700 1 |a Штанько  |b М. А.  |c философ  |c доцент Томского политехнического университета, кандидат философских наук  |f 1976-  |g Марина Александровна  |3 (RuTPU)RU\TPU\pers\25569 
712 0 2 |a Национальный исследовательский Томский политехнический университет (ТПУ)  |b Институт социально-гуманитарных технологий (ИСГТ)  |b Кафедра истории и регионоведения (ИСТ)  |3 (RuTPU)RU\TPU\col\18372 
801 1 |a RU  |b 63413507  |c 20101016 
801 2 |a RU  |b 63413507  |c 20150319  |g RCR 
856 4 |u http://www.lib.tpu.ru/fulltext/c/2013/C20/175.pdf 
942 |c CF